000 00666nam a22001817a 4500
003 NUST
005 20240708114959.0
038 _aASAB
082 _a200
100 _aFarhat Syeda Mahpara
_9124159
245 _aTh-PhD-Evaluation of Nicotinic Acetylcholine receptors in learning and memory using mouse model of Alzheimer’s Disease
_cSyeda Mahpara Farhat
260 _aIslamabad.
_bAtta ur Rahman school of applied biosciences ASAB
_c2017
300 _a164 p. ;
_bill;
_c30,cm.
600 _xPhD-Applied Biosciences
_9124160
700 _aSupervisor:Dr.Toqeer Ahmad
_9123983
856 _uhttp://10.250.8.41:8080/xmlui/handle/123456789/32018
942 _2ddc
_cSC
999 _c523467
_d523467